000 00251nam a2200097Ia 4500
001 765002
005 20250826165314.0
008 250824s9999 xx 000 0 und d
245 0 _aBAY IVIRZIVIR VE BOYALI KAPLAN
_cROBIN MELLOR
260 _bMARTI YAYINLARI
999 _c765002
_d765002